000 00481nam a2200217Ia 4500
001 084394
003 YMCAF
005 20230512161450.0
008 100717s2002 ||||||||||||||||| ||und|d
024 _a84394
035 _a23854
040 _aYMCAF
_beng
_cIN-KoLT
041 _aeng
082 _a004.36
_bORF
100 _aOrfali, Robert
245 0 _aEssential client/server survival guide
250 _a2nd
260 _bGalgotia
_c2002
300 _a676
942 _2ddc
_cBK
999 _c8773
_d8773